| 000 | 01178nam a22002537a 4500 | ||
|---|---|---|---|
| 005 | 20170124103132.0 | ||
| 010 | _aB-082047 | ||
| 020 |
_c350.00 _a8185616787 |
||
| 035 | _aB-082047 | ||
| 037 | _bCen Lib/Ret | ||
| 040 |
_aDPL _bHN |
||
| 082 |
_a306.095411 _bप्रेमसि |
||
| 100 |
_aप्रेमसिंह जीना _984319 |
||
| 245 |
_aलद्दाख की कला एवं संस्कृति / _cप्रेमसिंह जीना |
||
| 246 |
_aLaddakh ki kala ewam sanskriti / _bby Premsingh Jeena |
||
| 260 |
_aदिल्ली _bशारदा पब्लिशिंग हाउस _c2001 |
||
| 270 |
_aइन्द्रलोक _bदिल्ली _e110035 |
||
| 300 |
_a166पृ. _c21सेमी(सजिल्द) |
||
| 650 |
_aलद्दाख -- बौद्ध समाज एवं संस्कृति _984320 |
||
| 650 |
_aलद्दाख -- आभूषण एवं वेशभूषा _98034 |
||
| 650 |
_aLadakh - Buddhist Society and Culture _984321 |
||
| 650 |
_aLadakh - jewelery and costumes _984322 |
||
| 942 |
_2ddc _cHN _h306.095411 _mप्रेमसि |
||
| 999 |
_c119315 _d119315 |
||